[Event "Pardubice KV op"]
[Site "Pardubice"]
[Date "2010.??.??"]
[Round "4"]
[White "Bechynsky, Jan"]
[Black "Dub, Tomas"]
[Result "1/2-1/2"]
[WhiteElo "1795"]
[BlackElo "1835"]
[PlyCount "39"]
[EventDate "2010.07.??"]
[EventType "swiss"]
[EventRounds "7"]
[EventCountry "CZE"]
[SourceTitle "EXT 2012"]
[Source "ChessBase"]
[SourceDate "2011.11.24"]
[SourceVersion "1"]
[SourceVersionDate "2011.11.24"]
[SourceQuality "1"]

1. e4 e5 2. Nf3 Nc6 3. Bc4 Nf6 4. d3 Bc5 5. Bg5 d6 6. Nc3 Be6 7. Nd5 Bxd5 8. Bxd5 h6 9. Bxf6 Qxf6 10. c3 0-0 11. 0-0 Bb6 12. Nd2 Nd8 13. Nc4 c6 14. Nxb6 axb6 15. Bb3 Ne6 16. Qg4 Nc5 17. Bc2 Ne6 18. Bb3 Nc5 19. Bc2 Ne6 20. Bb3 1/2-1/2

[Event "Pardubice KV op"]
[Site "Pardubice"]
[Date "2010.??.??"]
[Round "3"]
[White "Dub, Tomas"]
[Black "Kosek, Lubomir"]
[Result "0-1"]
[WhiteElo "1835"]
[BlackElo "1835"]
[PlyCount "118"]
[EventDate "2010.07.??"]
[EventType "swiss"]
[EventRounds "7"]
[EventCountry "CZE"]
[SourceTitle "EXT 2012"]
[Source "ChessBase"]
[SourceDate "2011.11.24"]
[SourceVersion "1"]
[SourceVersionDate "2011.11.24"]
[SourceQuality "1"]

1. e4 c6 2. d4 d5 3. e5 Bf5 4. Nf3 e6 5. Nbd2 c5 6. c3 Nc6 7. Nb3 c4 8. Nbd2 b5 9. a3 Qa5 10. Nh4 Bg6 11. Nxg6 hxg6 12. Nf3 Be7 13. Bd2 Nh6 14. b4 Qd8 15. Qc1 Nf5 16. h3 a5 17. Be2 Nh4 18. 0-0 a4 19. Kh2 Kd7 20. Ng5 Bxg5 21. Bxg5 Qg8 22. Qf4 Nf5 23. g4 Nfe7 24. Rae1 Rf8 25. Qg3 f6 26. exf6 gxf6 27. Bf4 Rf7 28. Kg2 Rfh7 29. Rh1 g5 30. Bd6 Ng6 31. Bd1 Nh4+ 32. Kf1 f5 33. Be5 f4 34. Qh2 Nxe5 35. Rxe5 Qg6 36. f3 Qd3+ 37. Qe2 Qxe2+ 38. Kxe2 Ng6 39. Rxg5 Ne7 40. Kf2 Rxh3 41. Rxh3 Rxh3 42. Kg2 Rg3+ 43. Kf2 Nf5 44. Be2 Ne3 45. Re5 Rg2+ 46. Ke1 Nc2+ 47. Kf1 Rg3 48. Kf2 Nxa3 49. Bd1 Nb1 50. Re1 a3 51. Bc2 Nxc3 52. Ra1 a2 53. Bg6 Rh3 54. Kg2 Rh8 55. Bc2 Ra8 56. Kf2 Kd6 57. g5 e5 58. dxe5+ Kxe5 59. g6 Kf6 0-1

[Event "Pardubice KV op"]
[Site "Pardubice"]
[Date "2010.??.??"]
[Round "6"]
[White "Dub, Tomas"]
[Black "Prochazka, Pavel"]
[Result "1-0"]
[WhiteElo "1835"]
[BlackElo "1785"]
[PlyCount "100"]
[EventDate "2010.07.??"]
[EventType "swiss"]
[EventRounds "7"]
[EventCountry "CZE"]
[SourceTitle "EXT 2012"]
[Source "ChessBase"]
[SourceDate "2011.11.24"]
[SourceVersion "1"]
[SourceVersionDate "2011.11.24"]
[SourceQuality "1"]

1. e4 e5 2. Nf3 f5 3. Nxe5 Qf6 4. d4 d6 5. Nc4 fxe4 6. Ne3 Nh6 7. Nc3 Qe6 8. Bc4 Qg6 9. Bd5 c6 10. Bxe4 Bf5 11. Nxf5 Nxf5 12. g4 Be7 13. Bxf5 Qf6 14. Ne4 Qh4 15. Bf4 d5 16. Bg3 Qh3 17. Nc5 0-0 18. Qd3 Bxc5 19. dxc5 Re8+ 20. Kd2 Qh6+ 21. f4 g6 22. Rae1 Na6 23. Be6+ Kf8 24. Qd4 Qg7 25. Qxg7+ Kxg7 26. f5 Nxc5 27. Be5+ Kh6 28. Bf4+ Kg7 29. c3 a5 30. h4 Nxe6 31. Rxe6 Rxe6 32. fxe6 Re8 33. Re1 a4 34. g5 b5 35. Bd6 h6 36. Kd3 hxg5 37. hxg5 d4 38. Kxd4 Rd8 39. Kc5 a3 40. b3 b4 41. c4 Re8 42. Kxc6 Rc8+ 43. Kd7 Ra8 44. e7 Ra7+ 45. Ke6 Ra8 46. Re5 Kg8 47. Rb5 Kg7 48. Rb7 Re8 49. Rb8 Rg8 50. Rxg8+ Kxg8 1-0